Wisdom of Vivekanand / (Record no. 39217)
[ view plain ]
| 000 -LEADER | |
|---|---|
| fixed length control field | 00781nam a22002417a 4500 |
| 005 - DATE AND TIME OF LATEST TRANSACTION | |
| control field | 20140715152744.0 |
| 010 ## - LCCN (DPL NO) | |
| LC control number | ENG-98187 |
| 020 ## - INTERNATIONAL STANDARD BOOK NUMBER | |
| International Standard Book Number | 818430062x |
| Terms of availability | 150.00 |
| 020 ## - INTERNATIONAL STANDARD BOOK NUMBER | |
| International Standard Book Number | 9788184300628 |
| Terms of availability | 150.00 |
| 035 ## - SYSTEM CONTROL NUMBER | |
| System control number | EN-81720 |
| 035 ## - SYSTEM CONTROL NUMBER | |
| System control number | B-498036 |
| 037 ## - SOURCE OF ACQUISITION | |
| Stock number | Ocean Books Pvt. Ltd./Ven |
| 082 ## - DEWEY DECIMAL CLASSIFICATION NUMBER | |
| Classification number | 921 |
| 245 ## - TITLE STATEMENT | |
| Title | Wisdom of Vivekanand / |
| Statement of responsibility, etc | compiled by Sachin Sinhal |
| 246 ## - VARYING FORM OF TITLE | |
| Title proper/short title | Vivekanand |
| 260 ## - PUBLICATION, DISTRIBUTION, ETC. (IMPRINT) | |
| Place of publication, distribution, etc | New Delhi |
| Name of publisher, distributor, etc | Ocean Books |
| Date of publication, distribution, etc | 2013 |
| 270 ## - ADDRESS | |
| Address | 4/19 Asaf Ali Raod |
| City | New Delhi |
| 300 ## - PHYSICAL DESCRIPTION | |
| Extent | 111p. |
| Dimensions | 22cm (Hb) |
| 650 ## - SUBJECT ADDED ENTRY--TOPICAL TERM | |
| Topical term or geographic name as entry element | Biography |
| 700 ## - ADDED ENTRY--PERSONAL NAME | |
| Personal name | Sinhal, Sachin |
| 9 (RLIN) | 5981 |
| 942 ## - ADDED ENTRY ELEMENTS (KOHA) | |
| Source of classification or shelving scheme | Dewey Decimal Classification |
| Item type | English Books |
| Classification part | 921WIS |
| Call number suffix | WIS |
| Withdrawn status | Lost status | Not for loan | Collection code | Home library | Current library | Date acquired | Source of acquisition | Cost, normal purchase price | Full call number | Barcode | Copy number | Cost, replacement price | Koha item type |
|---|---|---|---|---|---|---|---|---|---|---|---|---|---|
| Non-fiction | Central Library | Central Library | 09/05/2013 | Ocean Books/Bill No.19333/11.3.13/175/8.3.13/15.3.13 | 150.00 | 921WIS | B-498036 | 1 | 150.00 | English Books | |||
| Not For Loan | Non-fiction | Central Library | D.B.Act.Division | 04/08/2010 | DBAD/PUB | 150.00 | 921 WIS | EN-81720 | 1 | 150.00 | English Books |
